| 000 | 00631nam a2200217 a 4500 | ||
|---|---|---|---|
| 001 | 15026 | ||
| 003 | CO-ViMGA | ||
| 008 | 141112s2004 ck r 000 u spa d | ||
| 020 | _a9589176798 | ||
| 040 |
_aCO-ViMGA _bspa _cCO-ViMGA |
||
| 082 | 0 | 4 | _a986.115 B515t |
| 100 | 1 |
_aBlanco Barros, Jose Agustín _921808 |
|
| 245 | 1 | 0 | _aTubará, la encomienda mayor de tierradentro |
| 260 |
_aBtá, _cCeja, _c1995 |
||
| 300 | _a397.p. | ||
| 490 | _aInvestigaciónes y memorias | ||
| 650 | 1 | 4 |
_aTUBARA - ATLANTICO - COLOMBIA _921809 |
| 650 | 1 | 4 |
_aTUBARA - GEOGRAFIA HISTORICA _921810 |
| 650 | 1 | 4 |
_aTUBARA - HISTORIA _921811 |
| 942 |
_2ddc _cBK |
||
| 999 |
_c25460 _d25460 |
||